000 00661nam a2200229 a 4500
001 13875
003 BD-JhCC
005 20240428105045.0
008 240428b2020 bg |||| ||a| 000 0 b d
020 _a9789849489443
035 _a(BD-JhCC)13875
040 _aBD-JhCC
_dBD-JhCC
041 _aBengali
082 _a891.4435
_bLIT 2020
100 _aলিটন,আনজীর
245 _aছড়া সমগ্র-৩ /
_cআনজীর লিটন।
260 _aঢাকা:
_bঅনিন্দ্য প্রকাশ;
_c2020.
300 _a238 p. :
_bill;
_c22 cm.
651 _aBengali Short Stories
942 _2ddc
_cBK
999 _c13875
_d13875